000 00480nam a2200181Ia 4500
001 10122
005 20260306161808.0
008 260306t2013||||xx |||||||||||||| ||spa||
041 _aESP
082 _a901
_bC24
100 _aCamargo M.,Alfonso
_eAUT
245 0 _aEl sentido de la historia:
_baproximación a la concepción personalista de la historia
260 _c2013
300 _a329 páginas :
_c23 cm.
650 _aGEN
654 _aCHU
942 _cLIB
_dJUS
_fJUS
_2ddc
_n
999 _c10122
_d10122